Music Quiz

Random Music or Clickable Quiz

30 Two-Word 'B' Musicians Match-Up Quiz Stats

 Plays Quiz Updated Dec 6, 2015

Score 0/30 Timer 05:00
0 Plays Today
% Correct
Britney
98.1%
Bruce
97.8%
Bruno
97.6%
Beastie
96.1%
Bob
95.9%
Bee
95%
Buddy
92.8%
Billie
86.7%
Bobby
82.1%
Barry
77%
Bad
74.1%
Blind
73%
Bright
71.3%
Bloc
71%
Bloodhound
70.6%
% Correct
Brand
70.4%
Butthole
68.7%
Buck
66%
Black
65.5%
Bon
64.3%
Brian
62.3%
Breaking
60.2%
Blackbird
59.6%
Big
57.3%
Blonde
54.9%
Basement
40.7%
Biffy
38.6%
Bikini
35.8%
Best
35.4%
Beat
19.1%

You're not logged in!

Compare scores with friends on all Sporcle quizzes.
OR
Log In

You Might Also Like...

Show Comments

Extras

Top Quizzes Today


Score Distribution

Your Account Isn't Verified!

In order to create a playlist on Sporcle, you need to verify the email address you used during registration. Go to your Sporcle Settings to finish the process.

Report this User

Report this user for behavior that violates our Community Guidelines.

Details: